000
00300nam a22001217a 4500
003
SGT
082
_a
200
_b
S06M
100
_a
मिश्र, शिवकुमार
245
_a
संतवाणी
260
_b
इफ्को लिमिटेड
_c
2006
300
_a
386
942
_2
ddc
_c
BK
999
_c
31718
_d
31718